| 000 | 01210cam a2200337 i 4500 | ||
|---|---|---|---|
| 999 |
_c200453913 _d72125 |
||
| 003 | TR-AnTOB | ||
| 005 | 20230815113810.0 | ||
| 007 | ta | ||
| 008 | 160823s20082006tu 000 0 tur d | ||
| 020 | _a9789753434386 | ||
| 020 | _a9753434383 | ||
| 040 |
_aBGZ _beng _erda _cBGZ _dTR-AnTOB |
||
| 041 | 1 |
_atur _harm |
|
| 050 | 1 | _aDR435.A7 | |
| 090 |
_aDR435.A7 _b.K33319 2008 |
||
| 100 | 1 |
_aK'ajaznuni, Hovhannes, _d1868-1938 _4author _9142829 |
|
| 240 | 1 | 0 |
_aDashnakt︠s︡uti︠u︡n bolʹshe nechego delatʹ!. _lTurkish. |
| 245 | 1 | 0 |
_aTaşnak Partisi'nin yapacağı bir şey yok : _b(1923 Parti Konferansı'na rapor) / _cOvanes Kaçaznuni ; çeviren Arif Acaloğlu. |
| 264 | 1 |
_aİstanbul : _bKaynak Yayınları, _c2008. |
|
| 300 |
_a120 pages ; _c20 cm |
||
| 336 |
_atext _2rdacontent _btxt |
||
| 337 |
_aunmediated _2rdamedia _bn |
||
| 338 |
_avolume _2rdacarrier _bnc |
||
| 500 | _aOriginal title: Dashnakt︠s︡uti︠u︡n bolʹshe nechego delatʹ!. | ||
| 500 | _a"Ovanes Kaçaznuni (Ermenistan'ın ilk başbakanı)." | ||
| 650 | 7 |
_aErmeniler _2etuturkob _950861 |
|
| 650 | 0 |
_aErmeni sorunu _96430 |
|
| 700 | 1 |
_aAcaloğlu, Arif _etranslator _9142830 |
|
| 942 |
_2lcc _cBK |
||